000 00244nam a2200109Ia 4500
008 220204s9999 xx 000 0 und d
082 _a954
_bWAR
100 _aB
245 0 _aIndia and the west
260 _aLondon
_bHamilton
_c1961
942 _cBK
999 _c19990
_d19990